| 000 | 00481nam a22001577a 4500 | ||
|---|---|---|---|
| 020 | _a9780702081705 | ||
| 082 |
_a610.711 _bMED |
||
| 245 |
_a A Practical Guide for Medical Teachers / _cEdited by Dent, John A.; Harden, Ronald M. Hunt, Dan |
||
| 250 | _a6th Edition | ||
| 260 |
_aEdinburgh : _bElsevier, _c2021 |
||
| 300 |
_a405 p. ; _bill, _c27 cm. |
||
| 563 | _aPBK. | ||
| 650 |
_aMedicine--Study and teaching _9113544 |
||
| 650 |
_aMedical education _9113545 |
||
| 942 |
_2ddc _cBK |
||
| 999 |
_c595277 _d595277 |
||